=LDR 00000nam 2200000 4500 =001 INLIS000000000033201 =005 20130612135153 =008 ***********************************ind** =035 ##$$0010-061300000033201 =041 ##$$a ind =082 ##$$a 658.4 =090 ##$$a 658.4, Rah c =100 ##$$a RAHMAN, Reza =245 ##$$a Corponate Social Responsibility : Teori dan Kenyataan / Reza Rahman =260 ##$$a 2009 $b Yogyakarta =300 ##$$a 127 hlm, ilus, 23 cm =650 ##$$a Manajemen Eksekutif =850 ##$$a NBPNMAT =990 ##$$a 1318913189 =990 ##$$a 01201713189